Píšťalka

Bibliographic Details
Main Author: Moravčík, Štefan, 1943- (Author)
Other Authors: Suchalová Harichová, Ľubica, 1958- (Illustrator)
Format: Article
Language:Slovak
Subjects:

MARC

LEADER 00000nab a2200000 a 4500
001 vtls000696801
003 SK-MaSNL
005 20260303221517.0
008 160314c1999 xo 0 slo
015 |a SNBRB1999/06-17151 
035 |a CLN000048968 
040 |a SNKBUCL  |b slo  |c SNKBUCL  |e AACR2 
041 0 |a slo 
044 |a xo  |c SK 
080 |a 885.4-1(087.5)  |2 UDC-MRF-SK2 
100 1 |a Moravčík, Štefan,  |d 1943-  |4 aut  |9 98697 
245 1 0 |a Píšťalka  |c Štefan Moravčík  |c ilustrovala Ľuba Suchalová 
650 0 7 |a rečňovanky, slovenské  |2 snkbucl  |9 304166 
700 1 |a Suchalová Harichová, Ľubica,  |d 1958-  |4 ill  |9 239876 
773 0 |t Včielka  |g Roč. 41, č. 8 (1999), s. 3 
850 |a Slovenská národná knižnica v Martine 
852 |a SNK  |b KIS3GCP 
958 |a SK 
958 |a LX 
958 |a RBX 
999 |c 2234393  |d 2236323